000 00497nam a2200193Ia 4500
001 19393
003 GE_BSU
008 181216s||||||||xx |||||||||||||| ||und||
040 _cGE_BSU
245 _aОртодонтия №3 (75) 2016
245 _cГл. ред. Л.В.Польма
260 _aМосква
260 _c2016
300 _a64 стр. 30см. илл.
653 _aОртодонтия
653 _aПериодика
653 _aპერიოდიკა
942 _cCR
999 _c52373
_d52373